[Event "Sao Paulo Sampa op"]
[Site "Sao Paulo"]
[Date "2024.01.30"]
[Round "3"]
[White "Usui, Gabriella Yumi"]
[Black "Da Rocha, Lucas Sampaio"]
[Result "0-1"]
[WhiteElo "1448"]
[BlackElo "1647"]
[PlyCount "134"]
[EventDate "2024.01.29"]
[EventType "swiss"]
[EventRounds "9"]
[EventCountry "BRA"]
[SourceTitle "CB06_2024"]
[SourceDate "2024.02.07"]
[SourceVersion "1"]
[SourceVersionDate "2024.02.07"]
[SourceQuality "1"]

1. d4 Nf6 2. Nf3 g6 3. g3 Bg7 4. Bg2 0-0 5. 0-0 d6 6. b3 c6 7. Bb2 Na6 8. c4 Bf5 9. Nc3 Ne4 10. Nh4 Nxc3 11. Bxc3 Be6 12. Qd2 d5 13. e4 Nc7 14. Rfd1 Qd7 15. Rac1 Rfd8 16. Qc2 Rac8 17. Qe2 b5 18. cxd5 cxd5 19. e5 Na8 20. Bf1 Rb8 21. Ba5 Rdc8 22. Qd2 Bh3 23. Rxc8+ Rxc8 24. Rc1 Bxf1 25. Kxf1 Bf8 26. Rc3 e6 27. Qc2 Nb6 28. Rxc8 Qxc8 29. Qxc8 Nxc8 30. Nf3 Ba3 31. Ke2 Ne7 32. Bc7 Kf8 33. Ne1 Nc6 34. Nc2 Be7 35. a3 Ke8 36. b4 Kd7 37. Ba5 f6 38. f4 g5 39. Kd3 gxf4 40. gxf4 Ke8 41. Bc7 Kf7 42. Ne3 h5 43. f5 fxe5 44. dxe5 Bg5 45. fxe6+ Kxe6 46. Nc2 Bf4 47. h3 Bxe5 48. Bxe5 Kxe5 49. Ke3 d4+ 50. Kf3 Kf5 51. Kg3 Ke4 52. Nxd4 Nxd4 53. Kh4 Ne6 54. Kxh5 Nf4+ 55. Kg5 Nxh3+ 56. Kf6 Kd5 57. Ke7 Kc6 58. Ke6 Nf4+ 59. Ke5 Nd3+ 60. Kd4 Nb2 61. Kc3 Nc4 62. a4 a6 63. a5 Kd5 64. Kd3 Ke5 65. Kc3 Ke4 66. Kc2 Kd4 67. Kb3 Kd3 0-1

[Event "Osasco Carvalho Memorial"]
[Site "Osasco"]
[Date "2022.02.20"]
[Round "6"]
[White "Jiang, Lucas Zirui"]
[Black "Da Rocha, Lucas Sampaio"]
[Result "1-0"]
[WhiteElo "1378"]
[BlackElo "1677"]
[PlyCount "59"]
[EventDate "2022.02.18"]
[EventType "swiss"]
[EventRounds "6"]
[EventCountry "BRA"]
[SourceTitle "CBM 207 Extra"]
[Source "ChessBase"]
[SourceDate "2022.05.31"]
[SourceVersion "1"]
[SourceVersionDate "2022.05.31"]
[SourceQuality "1"]

1. d4 Nf6 2. Nf3 g6 3. c4 Bg7 4. Nc3 0-0 5. Bf4 d6 6. h3 Re8 7. e3 Nbd7 8. Be2 c6 9. b4 a5 10. a3 e5 11. Bh2 Qe7 12. 0-0 b6 13. d5 c5 14. Nb5 Nf8 15. bxc5 dxc5 16. Rb1 Bf5 17. Rb3 a4 18. Rb2 Red8 19. Nd2 Ra6 20. Nc3 e4 21. Qc2 h5 22. Rfb1 Rd7 23. Rxb6 Rxb6 24. Rxb6 Ne8 25. Nxa4 Ra7 26. Qb3 Qc7 27. Rc6 Qa5 28. Qb6 Qxd2 29. Bf1 Nd7 30. Rc8 1-0

[Event "Sao Paulo Hebraica op 28th"]
[Site "Sao Paulo"]
[Date "2022.01.16"]
[Round "6"]
[White "Correa, Joao Pedro Vieira"]
[Black "Da Rocha, Lucas Sampaio"]
[Result "0-1"]
[WhiteElo "1864"]
[BlackElo "1657"]
[PlyCount "140"]
[EventDate "2022.01.14"]
[EventType "swiss"]
[EventRounds "6"]
[EventCountry "BRA"]
[SourceTitle "CBM 206 Extra"]
[Source "ChessBase"]
[SourceDate "2022.03.31"]
[SourceVersion "1"]
[SourceVersionDate "2022.03.31"]
[SourceQuality "1"]

1. e4 c6 2. d4 d5 3. Nc3 dxe4 4. Nxe4 Nf6 5. Nxf6+ exf6 6. c3 Bd6 7. Bd3 0-0 8. Qc2 Re8+ 9. Ne2 h5 10. Be3 Be6 11. c4 Nd7 12. 0-0-0 Nf8 13. Nc3 Rc8 14. Kb1 Qa5 15. h3 b5 16. c5 b4 17. Na4 Rb8 18. b3 Be7 19. g4 h4 20. Bc1 Qc7 21. f4 Bd5 22. Rhg1 g6 23. Qf2 g5 24. fxg5 fxg5 25. Rdf1 Qd7 26. Be3 Rbd8 27. Qd2 f6 28. Bf5 Qb7 29. Bc2 Bf7 30. Qf2 Bd5 31. Bd3 Qd7 32. Nb2 a5 33. Na4 Qe6 34. Re1 Qf7 35. Qc2 Kg7 36. Rgf1 Ne6 37. Bf5 Bf8 38. Nb6 Re7 39. Qf2 Nc7 40. Bc2 Nb5 41. Kb2 Nc3 42. Bd2 Ne4 43. Bxe4 Bxe4 44. Nc4 Bd3 45. Rxe7 Bxe7 46. Ne5 Qd5 47. Nxd3 f5 48. gxf5 Bf6 49. Be3 Re8 50. Ne5 Rxe5 51. dxe5 Bxe5+ 52. Kc1 Qd3 53. Rd1 Qc3+ 54. Qc2 Qxe3+ 55. Kb1 Qxh3 56. Rd7+ Kf6 57. Rd1 Qxf5 58. Qxf5+ Kxf5 59. Kc2 h3 60. Kd3 Kf4 61. Ke2 g4 62. Kf2 g3+ 63. Kg1 Ke4 64. Re1+ Kd5 65. Kh1 g2+ 66. Kg1 Bd4+ 67. Kh2 g1Q+ 68. Rxg1 Bxg1+ 69. Kxg1 Kxc5 70. Kh2 Kd4 0-1

[Event "Sao Paulo Hebraica op 28th"]
[Site "Sao Paulo"]
[Date "2022.01.14"]
[Round "2"]
[White "Da Silva Junior, Sediney Mari"]
[Black "Da Rocha, Lucas Sampaio"]
[Result "1-0"]
[WhiteElo "2011"]
[BlackElo "1657"]
[PlyCount "73"]
[EventDate "2022.01.14"]
[EventType "swiss"]
[EventRounds "6"]
[EventCountry "BRA"]
[SourceTitle "CBM 206 Extra"]
[Source "ChessBase"]
[SourceDate "2022.03.31"]
[SourceVersion "1"]
[SourceVersionDate "2022.03.31"]
[SourceQuality "1"]

1. e4 c6 2. d4 d5 3. f3 Qb6 4. e5 e6 5. a4 c5 6. a5 Qc7 7. Bb5+ Bd7 8. Bxd7+ Nxd7 9. c3 Ne7 10. Ne2 Nc6 11. a6 b6 12. 0-0 Be7 13. Na3 cxd4 14. Nb5 Qd8 15. cxd4 f6 16. Nf4 Kf7 17. exf6 Nxf6 18. Re1 Qd7 19. Nxe6 Nb4 20. Ng5+ Kf8 21. Nc3 h6 22. Ne6+ Kf7 23. f4 Rhe8 24. f5 Qc8 25. Re3 Nxa6 26. Rg3 Rg8 27. Qe2 Nc7 28. Rxg7+ Rxg7 29. Nxg7 Bd6 30. Bxh6 Qh8 31. Qd2 Ng4 32. Bf4 Rd8 33. Rxa7 Nxh2 34. Ne6 Nf3+ 35. gxf3 Rg8+ 36. Ng5+ Kf6 37. Nxd5+ 1-0

[Event "Sao Paulo Hebraica op 27th"]
[Site "Sao Paulo"]
[Date "2020.01.11"]
[Round "4"]
[White "Da Rocha, Lucas Sampaio"]
[Black "Ohara, Matheus Kendi"]
[Result "1/2-1/2"]
[WhiteElo "1632"]
[BlackElo "1743"]
[PlyCount "111"]
[EventDate "2020.01.10"]
[EventType "swiss"]
[EventRounds "6"]
[EventCountry "BRA"]
[SourceTitle "CBM 194 Extra"]
[Source "ChessBase"]
[SourceDate "2020.03.31"]
[SourceVersion "1"]
[SourceVersionDate "2020.03.31"]
[SourceQuality "1"]

1. e4 e5 2. Nf3 Nc6 3. Bc4 Bc5 4. c3 Nf6 5. d3 d6 6. h3 a6 7. a4 Ba7 8. b4 Be6 9. Nbd2 0-0 10. 0-0 Bxc4 11. Nxc4 b5 12. Ne3 d5 13. Nxd5 Nxd5 14. exd5 Qxd5 15. Be3 Bxe3 16. fxe3 e4 17. Nd4 exd3 18. Rf5 Qe4 19. Nxc6 Qxc6 20. axb5 Qxc3 21. bxa6 d2 22. Rf2 Rfd8 23. Ra2 Qxb4 24. Rfxd2 Re8 25. Qf3 Rxa6 26. Rxa6 Qxd2 27. Ra7 Qc1+ 28. Kh2 g6 29. Qf4 Rc8 30. Qg4 Rf8 31. Qe4 Qc5 32. Qd4 Qxd4 33. exd4 Rc8 34. Kg3 Kf8 35. Kf4 Ke7 36. Ke5 f6+ 37. Kd5 Rd8+ 38. Kc6 Rd6+ 39. Kc5 Kd7 40. Ra8 Re6 41. Rg8 Re7 42. h4 f5 43. h5 gxh5 44. Rg5 Ke6 45. Rxh5 Rg7 46. Rh6+ Ke7 47. Kd5 Kd7 48. Ke5 Rf7 49. g3 Ke7 50. Re6+ Kd7 51. Rh6 Rg7 52. Rh3 Rf7 53. Rh6 Rg7 54. Kxf5 Rxg3 55. Rxh7+ Kd6 56. Ke4 1/2-1/2

[Event "BRA-ch Amateur U1800"]
[Site "Sao Paulo"]
[Date "2019.06.22"]
[Round "6"]
[White "Loss, Victor Pinheiro Cos"]
[Black "Da Rocha, Lucas Sampaio"]
[Result "0-1"]
[WhiteElo "1412"]
[BlackElo "1637"]
[PlyCount "100"]
[EventDate "2019.06.20"]
[EventType "swiss"]
[EventRounds "7"]
[EventCountry "BRA"]
[SourceTitle "CBM 195 Extra"]
[Source "ChessBase"]
[SourceDate "2020.05.31"]
[SourceVersion "1"]
[SourceVersionDate "2020.05.31"]
[SourceQuality "1"]

1. e4 c6 2. d4 d5 3. exd5 cxd5 4. Bd3 Nc6 5. c3 Nf6 6. Nf3 Bg4 7. h3 Bh5 8. 0-0 e6 9. Bf4 Bd6 10. Bxd6 Qxd6 11. Re1 0-0 12. Nbd2 Rab8 13. Qc2 Bg6 14. Ne5 Bxd3 15. Nxd3 Rfc8 16. Nf3 Ne4 17. Qe2 b5 18. Nd2 Nxd2 19. Qxd2 b4 20. Nxb4 Nxb4 21. cxb4 Qxb4 22. Qxb4 Rxb4 23. Rac1 Rcb8 24. Rc7 a5 25. Re3 Rxd4 26. Rf3 Rf8 27. Ra7 Ra4 28. a3 g6 29. b4 e5 30. b5 e4 31. Rb3 d4 32. b6 d3 33. b7 d2 34. Rb1 Rd4 35. Rd1 Rb8 36. Kf1 Rd7 37. Ke2 Rbxb7 38. Rxa5 Rb2 39. Re5 f5 40. g3 Kf7 41. a4 Kf6 42. Rb5 Rxb5 43. axb5 Ke7 44. b6 Kd8 45. b7 Kc7 46. Rxd2 Rxd2+ 47. Kxd2 Kxb7 48. Ke3 Kc6 49. Kf4 Kd5 50. Kg5 Kd4 0-1

[Event "BRA-ch Amateur U1800"]
[Site "Sao Paulo"]
[Date "2019.06.21"]
[Round "3"]
[White "Da Rocha, Lucas Sampaio"]
[Black "Kajiwara, Joao Kazuyuki"]
[Result "1-0"]
[WhiteElo "1637"]
[BlackElo "1316"]
[PlyCount "61"]
[EventDate "2019.06.20"]
[EventType "swiss"]
[EventRounds "7"]
[EventCountry "BRA"]
[SourceTitle "CBM 195 Extra"]
[Source "ChessBase"]
[SourceDate "2020.05.31"]
[SourceVersion "1"]
[SourceVersionDate "2020.05.31"]
[SourceQuality "1"]

1. Nf3 c5 2. g3 g6 3. Bg2 Bg7 4. 0-0 Nf6 5. d3 0-0 6. Nbd2 Nc6 7. e4 d6 8. a4 Ng4 9. h3 Nge5 10. Nxe5 Nxe5 11. f4 Nc6 12. Nc4 Na5 13. Ne3 e6 14. g4 f5 15. exf5 exf5 16. gxf5 Bxf5 17. Nxf5 Rxf5 18. Be4 Rh5 19. Qg4 Qh4 20. Kg2 Rf8 21. Bd2 Nc6 22. Be1 Qe7 23. Bc3 Nd4 24. Rae1 Qh4 25. Bxb7 Nxc2 26. Bd5+ Kh8 27. Bxg7+ Kxg7 28. Qd7+ Kh6 29. Re7 Rxf4 30. Rxh7+ Kg5 31. Qe7+ 1-0

[Event "Sao Paulo Carnaval op"]
[Site "Sao Paulo"]
[Date "2019.03.02"]
[Round "1"]
[White "Caceres, Diego"]
[Black "Da Rocha, Lucas Sampaio"]
[Result "1/2-1/2"]
[WhiteElo "2097"]
[BlackElo "1651"]
[PlyCount "57"]
[EventDate "2019.03.02"]
[EventType "swiss"]
[EventRounds "7"]
[EventCountry "BRA"]
[SourceTitle "EXT 2020"]
[Source "ChessBase"]
[SourceDate "2019.10.17"]
[SourceVersion "1"]
[SourceVersionDate "2019.10.17"]
[SourceQuality "1"]

1. d4 d5 2. c4 e6 3. Nf3 Nf6 4. g3 b6 5. Bg2 Bb4+ 6. Bd2 Bxd2+ 7. Nbxd2 Bb7 8. 0-0 0-0 9. Rc1 dxc4 10. Nxc4 Nbd7 11. Qa4 c5 12. Rfd1 cxd4 13. Rxd4 Qe7 14. Nce5 Nxe5 15. Nxe5 Bxg2 16. Kxg2 Qb7+ 17. f3 Rfd8 18. Rcd1 Nd5 19. Kf2 Qc7 20. Ng4 h5 21. Ne3 Nxe3 22. Rxd8+ Rxd8 23. Rxd8+ Qxd8 24. Kxe3 Qg5+ 25. Kd3 Qd5+ 26. Kc2 Qc5+ 27. Kd3 Qd5+ 28. Kc2 Qc5+ 29. Kd3 1/2-1/2

[Event "Florianopolis op 5th"]
[Site "Florianopolis"]
[Date "2019.01.24"]
[Round "6"]
[White "Da Rocha, Lucas Sampaio"]
[Black "Boabaid, Jorge Alberto Duard"]
[Result "1-0"]
[WhiteElo "1619"]
[BlackElo "1868"]
[PlyCount "125"]
[EventDate "2019.01.21"]
[EventType "swiss"]
[EventRounds "10"]
[EventCountry "BRA"]
[SourceTitle "CBM 188 Extra"]
[Source "ChessBase"]
[SourceDate "2019.02.26"]
[SourceVersion "1"]
[SourceVersionDate "2019.02.26"]
[SourceQuality "1"]

1. e4 e5 2. Nf3 Nc6 3. Bc4 Bc5 4. c3 Nf6 5. d3 d6 6. 0-0 0-0 7. a4 a6 8. b4 Ba7 9. h3 Ne7 10. Re1 Ng6 11. Nbd2 Nf4 12. Nf1 N6h5 13. Be3 Qf6 14. Kh2 Qg6 15. Ng3 Nxg2 16. Kxg2 Nf4+ 17. Bxf4 exf4 18. Nh4 Qf6 19. Ngf5 g6 20. d4 gxf5 21. Nxf5 Bxf5 22. exf5 Qxf5 23. Qg4+ Qxg4+ 24. hxg4 Rae8 25. Kf3 c6 26. Kxf4 d5 27. Bd3 Bb8+ 28. Kf3 Kg7 29. Bf5 Bd6 30. Rh1 Rh8 31. a5 h6 32. Rae1 Rxe1 33. Rxe1 Kf6 34. Rh1 h5 35. Ke3 Kg5 36. Bd7 Bf4+ 37. Kd3 h4 38. Rh3 Rd8 39. Bf5 Re8 40. Rh1 Rh8 41. Rh3 f6 42. Kc2 Bd6 43. Kd2 Re8 44. Kd1 Be7 45. f4+ Kxf4 46. Rxh4 Bd6 47. Rh7 Rb8 48. Rf7 Kg5 49. Kc2 Bg3 50. Re7 Bd6 51. Rd7 Bg3 52. Kb3 Be1 53. c4 dxc4+ 54. Kxc4 b6 55. Re7 Bg3 56. Ra7 bxa5 57. bxa5 Bd6 58. Rxa6 Bc7 59. Kc5 Rd8 60. Kxc6 Bxa5 61. Rxa5 Rxd4 62. Rd5 Ra4 63. Bc2+ 1-0

[Event "Florianopolis op 5th"]
[Site "Florianopolis"]
[Date "2019.01.24"]
[Round "5"]
[White "Kim, Andre"]
[Black "Da Rocha, Lucas Sampaio"]
[Result "0-1"]
[WhiteElo "1277"]
[BlackElo "1619"]
[PlyCount "64"]
[EventDate "2019.01.21"]
[EventType "swiss"]
[EventRounds "10"]
[EventCountry "BRA"]
[SourceTitle "CBM 188 Extra"]
[Source "ChessBase"]
[SourceDate "2019.02.26"]
[SourceVersion "1"]
[SourceVersionDate "2019.02.26"]
[SourceQuality "1"]

1. e4 d6 2. Nc3 Nf6 3. Nf3 g6 4. Bc4 Bg7 5. Ng5 0-0 6. Nxf7 Rxf7 7. Bxf7+ Kxf7 8. 0-0 e5 9. d3 Be6 10. Bg5 h6 11. Bh4 g5 12. Bg3 Nc6 13. Re1 Qd7 14. Kf1 h5 15. f3 h4 16. Bf2 Rh8 17. g3 hxg3 18. Bxg3 Nh5 19. Bf2 Nf4 20. Be3 Rxh2 21. Bxf4 Bh3+ 22. Kg1 Rg2+ 23. Kh1 gxf4 24. Re2 Rg3 25. Rd2 Bf6 26. Ne2 Bg2+ 27. Kg1 Bxf3+ 28. Kf2 Rg2+ 29. Kf1 Qh3 30. Ng1 Rxg1+ 31. Kxg1 Qh1+ 32. Kf2 Bh4# 0-1

[Event "Florianopolis op 5th"]
[Site "Florianopolis"]
[Date "2019.01.22"]
[Round "2"]
[White "Da Rocha, Lucas Sampaio"]
[Black "Oliveira, Paulo Ricardo"]
[Result "1-0"]
[WhiteElo "1619"]
[BlackElo "2182"]
[PlyCount "63"]
[EventDate "2019.01.21"]
[EventType "swiss"]
[EventRounds "10"]
[EventCountry "BRA"]
[SourceTitle "CBM 188 Extra"]
[Source "ChessBase"]
[SourceDate "2019.02.26"]
[SourceVersion "1"]
[SourceVersionDate "2019.02.26"]
[SourceQuality "1"]

1. e4 e5 2. Nf3 Nc6 3. Bc4 Nf6 4. d3 d6 5. c3 Be6 6. Nbd2 d5 7. exd5 Bxd5 8. 0-0 Bxc4 9. Nxc4 Bd6 10. Nfxe5 Bxe5 11. Nxe5 Nxe5 12. Re1 Nfd7 13. d4 0-0 14. dxe5 Nxe5 15. Bf4 f6 16. Bxe5 fxe5 17. Rxe5 Qxd1+ 18. Rxd1 b6 19. Re7 c5 20. Rdd7 Rfd8 21. Rxg7+ Kf8 22. Rxh7 Rxd7 23. Rxd7 a5 24. f3 a4 25. Rh7 Rd8 26. Rh8+ Ke7 27. Rxd8 Kxd8 28. h4 b5 29. g4 a3 30. bxa3 b4 31. axb4 cxb4 32. cxb4 1-0

[Event "Florianopolis op 5th"]
[Site "Florianopolis"]
[Date "2019.01.21"]
[Round "1"]
[White "De Carvalho, Christopher"]
[Black "Da Rocha, Lucas Sampaio"]
[Result "1-0"]
[WhiteElo "2131"]
[BlackElo "1619"]
[PlyCount "29"]
[EventDate "2019.01.21"]
[EventType "swiss"]
[EventRounds "10"]
[EventCountry "BRA"]
[SourceTitle "CBM 188 Extra"]
[Source "ChessBase"]
[SourceDate "2019.02.26"]
[SourceVersion "1"]
[SourceVersionDate "2019.02.26"]
[SourceQuality "1"]

1. d4 Nf6 2. Nf3 e6 3. Bf4 c5 4. e3 Nc6 5. c3 d5 6. Nbd2 cxd4 7. exd4 Bd6 8. Bg3 Qc7 9. Bd3 b6 10. Qe2 a6 11. Bxd6 Qxd6 12. Ne5 b5 13. 0-0 b4 14. f4 a5 15. Nxc6 1-0

[Event "Curitiba Fexpar op 1st"]
[Site "Curitiba"]
[Date "2018.11.02"]
[Round "1"]
[White "Mazetto, Sergio Luiz"]
[Black "Da Rocha, Lucas Sampaio"]
[Result "1-0"]
[WhiteElo "2149"]
[BlackElo "1612"]
[PlyCount "81"]
[EventDate "2018.11.02"]
[EventType "swiss"]
[EventRounds "7"]
[EventCountry "BRA"]
[SourceTitle "EXT 2020"]
[Source "ChessBase"]
[SourceDate "2019.10.17"]
[SourceVersion "1"]
[SourceVersionDate "2019.10.17"]
[SourceQuality "1"]

1. d4 Nf6 2. Bg5 e6 3. Nd2 d5 4. e3 Be7 5. Bd3 b6 6. c3 0-0 7. Qe2 c5 8. f4 Qc7 9. Nh3 Nbd7 10. 0-0 Re8 11. Nf2 h6 12. Bxf6 Nxf6 13. Qf3 Bd6 14. g4 Nh7 15. Qh3 f5 16. Nf3 fxg4 17. Nxg4 a5 18. Qh5 Re7 19. Nfe5 Ba6 20. Bxa6 Rxa6 21. Rf2 Bxe5 22. dxe5 Qd8 23. Rg2 Kh8 24. Qg6 Qe8 25. Qd3 c4 26. Qc2 b5 27. Kh1 b4 28. Rag1 Rb7 29. Qf2 bxc3 30. bxc3 Rab6 31. Qf3 Qb8 32. e4 Rd7 33. exd5 Rxd5 34. Ne3 Rd3 35. Rxg7 Rb1 36. Qe4 Rxg1+ 37. Rxg1 Rd2 38. Nxc4 Rxa2 39. Nd6 Qf8 40. Qg6 Ng5 41. Rxg5 1-0

[Event "Sao Paulo STD U2200 op 3rd"]
[Site "Sao Paulo"]
[Date "2018.10.14"]
[Round "5"]
[White "Da Rocha, Lucas Sampaio"]
[Black "Ripardo, Paulo Raimundo Volk"]
[Result "1-0"]
[WhiteElo "1592"]
[BlackElo "1800"]
[PlyCount "67"]
[EventDate "2018.10.12"]
[EventType "swiss"]
[EventRounds "6"]
[EventCountry "BRA"]
[SourceTitle "EXT 2021"]
[Source "ChessBase"]
[SourceDate "2020.10.23"]
[SourceVersion "1"]
[SourceVersionDate "2020.10.23"]
[SourceQuality "1"]

1. e4 c5 2. Nf3 d6 3. c3 g6 4. d4 Nc6 5. Be3 Bg7 6. dxc5 Nf6 7. Qc2 d5 8. Nbd2 dxe4 9. Nxe4 Nxe4 10. Qxe4 Bf5 11. Qa4 0-0 12. Be2 Qc7 13. 0-0 Ne5 14. h3 Nxf3+ 15. Bxf3 Bd3 16. Rfd1 Rfd8 17. Rd2 b5 18. cxb6 axb6 19. Bxa8 b5 20. Qd1 Rxa8 21. Rxd3 h5 22. Rd7 Qe5 23. Rd8+ Rxd8 24. Qxd8+ Kh7 25. Bd4 Qe2 26. Bxg7 Kxg7 27. Qd4+ f6 28. Qb4 e5 29. Qe7+ Kh6 30. Qxf6 Qxb2 31. Re1 Qxc3 32. Rxe5 Qa1+ 33. Kh2 Qc1 34. Qh8# 1-0

[Event "Sao Paulo STD U2200 op 3rd"]
[Site "Sao Paulo"]
[Date "2018.10.13"]
[Round "4"]
[White "Machado, Antonio Rodrigo"]
[Black "Da Rocha, Lucas Sampaio"]
[Result "1/2-1/2"]
[WhiteElo "1717"]
[BlackElo "1592"]
[PlyCount "113"]
[EventDate "2018.10.12"]
[EventType "swiss"]
[EventRounds "6"]
[EventCountry "BRA"]
[SourceTitle "EXT 2021"]
[Source "ChessBase"]
[SourceDate "2020.10.23"]
[SourceVersion "1"]
[SourceVersionDate "2020.10.23"]
[SourceQuality "1"]

1. e4 c6 2. d4 d5 3. Nc3 dxe4 4. Nxe4 Bf5 5. Ng3 Bg6 6. h4 h6 7. Nf3 Nd7 8. h5 Bh7 9. Bd3 Bxd3 10. Qxd3 e6 11. Bd2 Ngf6 12. 0-0-0 Qc7 13. Ne4 0-0-0 14. Kb1 Nxe4 15. Qxe4 Nf6 16. Qe2 Bd6 17. c4 Bf4 18. Bc3 Rhe8 19. g3 Bd6 20. b3 Qe7 21. Ne5 Nd7 22. f4 Nxe5 23. fxe5 Bb4 24. Bb2 Ba3 25. Bc3 Bb4 26. Bb2 Ba3 27. Ba1 Rd7 28. Qg4 Qg5 29. Qxg5 hxg5 30. h6 gxh6 31. Rxh6 Be7 32. Rf1 Bd8 33. Kc2 Bb6 34. c5 Bd8 35. Bc3 b6 36. b4 a5 37. a3 axb4 38. axb4 bxc5 39. bxc5 Ra7 40. Ra1 Ree7 41. Rhh1 Rxa1 42. Rxa1 Kb8 43. Rh1 Ra7 44. Rb1+ Kc8 45. Rc1 Rd7 46. Ra1 Kb7 47. Kd3 Kb8 48. Ke4 Rb7 49. Rf1 Ka7 50. Ra1+ Kb8 51. Rf1 Rb3 52. Bd2 Rxg3 53. Rxf7 Rg4+ 54. Kd3 Rg3+ 55. Ke4 Rg4+ 56. Kd3 Rg3+ 57. Ke4 1/2-1/2

[Event "Sao Paulo op-C U1700 7th"]
[Site "Sao Paulo"]
[Date "2018.04.01"]
[Round "6"]
[White "Da Rocha, Lucas Sampaio"]
[Black "Boutin Neto, Mauro Albano"]
[Result "1-0"]
[WhiteElo "1647"]
[BlackElo "1373"]
[PlyCount "75"]
[EventDate "2018.03.30"]
[EventType "swiss"]
[EventRounds "6"]
[EventCountry "BRA"]
[SourceTitle "EXT 2021"]
[Source "ChessBase"]
[SourceDate "2020.10.23"]
[SourceVersion "1"]
[SourceVersionDate "2020.10.23"]
[SourceQuality "1"]

1. e4 c6 2. Bc4 d5 3. Bb3 dxe4 4. Qh5 g6 5. Qh3 Bg7 6. Nc3 Nf6 7. f3 exf3 8. Nxf3 Bf5 9. 0-0 Nbd7 10. d4 0-0 11. Bh6 Bxh6 12. Qxh6 Ng4 13. Qd2 Ngf6 14. Qh6 Ng4 15. Qd2 Ngf6 16. h3 Ne4 17. Nxe4 Bxe4 18. Ng5 Nf6 19. Rxf6 exf6 20. Nxe4 Re8 21. Nf2 Qe7 22. Ng4 Rf8 23. Re1 Qd6 24. c3 c5 25. Qf2 cxd4 26. Nxf6+ Kg7 27. Ne4 Qd8 28. cxd4 f5 29. Nc5 Re8 30. Ne6+ Rxe6 31. Rxe6 Rc8 32. Qe3 Kf8 33. Qh6+ Kf7 34. Qxh7+ Kf8 35. Qh8+ Kf7 36. Rd6+ Ke7 37. Qf6+ Ke8 38. Qf7# 1-0

[Event "Sao Paulo op-C U1700 7th"]
[Site "Sao Paulo"]
[Date "2018.04.01"]
[Round "5"]
[White "De Souza, Diego Henrique Cout"]
[Black "Da Rocha, Lucas Sampaio"]
[Result "1-0"]
[WhiteElo "1537"]
[BlackElo "1647"]
[PlyCount "121"]
[EventDate "2018.03.30"]
[EventType "swiss"]
[EventRounds "6"]
[EventCountry "BRA"]
[SourceTitle "EXT 2021"]
[Source "ChessBase"]
[SourceDate "2020.10.23"]
[SourceVersion "1"]
[SourceVersionDate "2020.10.23"]
[SourceQuality "1"]

1. e4 c6 2. d4 d5 3. Nc3 dxe4 4. Nxe4 Bf5 5. Ng3 Bg6 6. h4 h6 7. h5 Bh7 8. Nf3 Nd7 9. Bd3 Bxd3 10. Qxd3 Ngf6 11. Bf4 e6 12. Ne5 Nxe5 13. Bxe5 Bb4+ 14. c3 Be7 15. 0-0-0 Ng4 16. Qf3 Nxe5 17. dxe5 Qc7 18. Rhe1 Rd8 19. Qe3 0-0 20. f4 a5 21. Ne4 Rxd1+ 22. Rxd1 Rd8 23. Rxd8+ Qxd8 24. Qd2 Qxd2+ 25. Kxd2 f6 26. exf6 gxf6 27. Ke3 Kf7 28. b3 e5 29. fxe5 fxe5 30. Kf3 Ke6 31. c4 b5 32. g4 a4 33. bxa4 bxa4 34. Ke3 Bf8 35. Kf3 Be7 36. Kg3 Bf8 37. Kg2 Be7 38. Kf3 Bf8 39. g5 Kf5 40. g6 a3 41. Ke3 Kg4 42. Nf6+ Kf5 43. Ne8 Bc5+ 44. Ke2 Ke6 45. Kf3 Ke7 46. g7 Kf7 47. Ke4 Bd4 48. Nd6+ Kxg7 49. Nf5+ Kf6 50. Nxd4 exd4 51. Kxd4 Kg5 52. Kc5 Kxh5 53. Kxc6 Kg4 54. Kb5 h5 55. c5 h4 56. c6 h3 57. c7 Kg3 58. c8Q h2 59. Qh8 Kf2 60. Qa1 Kg3 61. Ka4 1-0

[Event "Sao Paulo op-C U1700 7th"]
[Site "Sao Paulo"]
[Date "2018.03.31"]
[Round "4"]
[White "Da Rocha, Lucas Sampaio"]
[Black "Rocha, Anderson Rosendo"]
[Result "0-1"]
[WhiteElo "1647"]
[BlackElo "1522"]
[PlyCount "72"]
[EventDate "2018.03.30"]
[EventType "swiss"]
[EventRounds "6"]
[EventCountry "BRA"]
[SourceTitle "EXT 2021"]
[Source "ChessBase"]
[SourceDate "2020.10.23"]
[SourceVersion "1"]
[SourceVersionDate "2020.10.23"]
[SourceQuality "1"]

1. e4 e6 2. d3 d5 3. Nd2 Ne7 4. Ngf3 g6 5. g3 Bg7 6. Bg2 0-0 7. 0-0 c5 8. Re1 Nbc6 9. e5 Qc7 10. Qe2 f6 11. exf6 Bxf6 12. Nb3 e5 13. Nxc5 Nd4 14. Nxd4 Qxc5 15. Nb3 Qc7 16. Bh6 Rd8 17. h4 Nc6 18. d4 e4 19. c3 Re8 20. f3 Qxg3 21. fxe4 Qxh4 22. Qf3 dxe4 23. Qe3 g5 24. Bxe4 Be6 25. d5 Bf5 26. Qf2 Rxe4 27. Rxe4 Qxf2+ 28. Kxf2 Bxe4 29. dxc6 Kf7 30. cxb7 Bxb7 31. Rf1 Kg6 32. Ke3 Re8+ 33. Kd2 Be7 34. Bxg5 Bxg5+ 35. Kd3 Rd8+ 36. Kc2 Be4# 0-1

[Event "Sao Paulo op-C U1700 7th"]
[Site "Sao Paulo"]
[Date "2018.03.30"]
[Round "2"]
[White "Da Rocha, Lucas Sampaio"]
[Black "Feitoza, Gustavo Sampaio Lob"]
[Result "1-0"]
[WhiteElo "1647"]
[BlackElo "1534"]
[PlyCount "53"]
[EventDate "2018.03.30"]
[EventType "swiss"]
[EventRounds "6"]
[EventCountry "BRA"]
[SourceTitle "EXT 2021"]
[Source "ChessBase"]
[SourceDate "2020.10.23"]
[SourceVersion "1"]
[SourceVersionDate "2020.10.23"]
[SourceQuality "1"]

1. e4 e5 2. Nf3 Nc6 3. Bc4 Bc5 4. d4 Nxd4 5. Nxe5 Qf6 6. Bxf7+ Kd8 7. Nd3 Qxf7 8. Nxc5 Qc4 9. c3 Nc2+ 10. Qxc2 Qxc5 11. b4 Qe5 12. Nd2 Nf6 13. Bb2 Re8 14. c4 Qf4 15. Bxf6+ Qxf6 16. 0-0 h5 17. Nf3 g5 18. e5 Qf4 19. Rfe1 g4 20. Qd2 Qxd2 21. Nxd2 a5 22. b5 b6 23. Ne4 a4 24. Nf6 Rh8 25. Rad1 a3 26. e6 d6 27. e7# 1-0

[Event "Sao Paulo op-C U1700 7th"]
[Site "Sao Paulo"]
[Date "2018.03.30"]
[Round "1"]
[White "Flores, Clarice Soares Leit"]
[Black "Da Rocha, Lucas Sampaio"]
[Result "0-1"]
[WhiteElo "1340"]
[BlackElo "1647"]
[PlyCount "156"]
[EventDate "2018.03.30"]
[EventType "swiss"]
[EventRounds "6"]
[EventCountry "BRA"]
[SourceTitle "EXT 2021"]
[Source "ChessBase"]
[SourceDate "2020.10.23"]
[SourceVersion "1"]
[SourceVersionDate "2020.10.23"]
[SourceQuality "1"]

1. d4 Nf6 2. Bf4 e6 3. e3 c5 4. Nf3 b6 5. Bd3 Ba6 6. Bxa6 Nxa6 7. c3 Nb8 8. h3 d5 9. Nbd2 Bd6 10. Ne5 Bxe5 11. Bxe5 Nbd7 12. Bh2 a5 13. a3 Qc8 14. 0-0 0-0 15. Qf3 cxd4 16. exd4 a4 17. Rac1 b5 18. Qe2 Qa6 19. f4 Nb6 20. f5 Rfe8 21. fxe6 Rxe6 22. Qd3 Nc4 23. Nxc4 bxc4 24. Qf3 Qb7 25. Rc2 Rb6 26. Rff2 Ra5 27. Bf4 Rab5 28. Bc1 Ne4 29. Rfe2 Rf6 30. Qg4 Rbb6 31. Qg3 Rf1+ 32. Kh2 Rh1+ 33. Kxh1 Nxg3+ 34. Kg1 Nxe2+ 35. Rxe2 f6 36. Re8+ Kf7 37. Re2 Re6 38. Rxe6 Kxe6 39. Kf2 Kf5 40. Kf3 Qe7 41. g4+ Kg6 42. Kg3 Qe1+ 43. Kg2 Qxc1 44. Kg3 Qxb2 45. Kf4 Qxc3 46. h4 Qxd4+ 47. Kg3 Qe3+ 48. Kg2 Qxa3 49. h5+ Kg5 50. Kf2 Kxg4 51. Ke2 Qd3+ 52. Kf2 Kxh5 53. Kg2 Qe3 54. Kh1 Qe2 55. Kg1 a3 56. Kh1 a2 57. Kg1 a1B 58. Kh1 c3 59. Kg1 c2 60. Kh1 c1N 61. Kg1 d4 62. Kh1 d3 63. Kg1 d2 64. Kh1 d1B 65. Kg1 Kg4 66. Kh1 Kg3 67. Kg1 Bc2 68. Kh1 Bd3 69. Kg1 h5 70. Kh1 h4 71. Kg1 Kf3 72. Kh1 g5 73. Kg1 g4 74. Kh1 h3 75. Kg1 g3 76. Kh1 Be4 77. Kg1 Ba8 78. Kh1 Kf2# 0-1